[Event "Toronto NAYCC U12"]
[Site "Toronto"]
[Date "2013.08.15"]
[Round "3"]
[White "Zhang, Zhehai"]
[Black "Zhao, Harry"]
[Result "1/2-1/2"]
[WhiteElo "1526"]
[BlackElo "1767"]
[PlyCount "54"]
[EventDate "2013.08.14"]
[EventType "swiss"]
[EventRounds "9"]
[EventCountry "CAN"]
[SourceTitle "EXT 2022"]
[Source "ChessBase"]
[SourceDate "2021.10.06"]
[SourceVersion "1"]
[SourceVersionDate "2021.10.06"]
[SourceQuality "1"]

1. e4 d5 2. exd5 Qxd5 3. Nc3 Qa5 4. Nf3 Nf6 5. h3 Bf5 6. Bc4 c6 7. 0-0 e6 8. d3 Bd6 9. Bg5 Nbd7 10. a3 Qc7 11. b4 h6 12. Bd2 b5 13. Bb3 0-0 14. Nd4 Bg6 15. Re1 Rfe8 16. Na2 e5 17. Nf3 c5 18. Nc3 a6 19. Nd5 Qc6 20. Nxf6+ Nxf6 21. bxc5 Qxc5 22. Bb4 Qc7 23. c4 Rac8 24. Rc1 Qb6 25. Qd2 Nd7 26. cxb5 axb5 27. d4 exd4 1/2-1/2

[Event "Toronto NAYCC U12"]
[Site "Toronto"]
[Date "2013.08.15"]
[Round "2"]
[White "Zhao, Harry"]
[Black "Asaria, Danial"]
[Result "0-1"]
[WhiteElo "1767"]
[BlackElo "2022"]
[PlyCount "59"]
[EventDate "2013.08.14"]
[EventType "swiss"]
[EventRounds "9"]
[EventCountry "CAN"]
[SourceTitle "EXT 2022"]
[Source "ChessBase"]
[SourceDate "2021.10.06"]
[SourceVersion "1"]
[SourceVersionDate "2021.10.06"]
[SourceQuality "1"]

1. d4 d5 2. Nf3 Nf6 3. e3 Bf5 4. Bd3 Bxd3 5. Qxd3 e6 6. Qb5+ Nbd7 7. Qxb7 Bd6 8. 0-0 0-0 9. Nbd2 Qe7 10. Re1 Rfb8 11. Qa6 Rb6 12. Qd3 c5 13. c4 e5 14. e4 dxe4 15. Nxe4 cxd4 16. Nxf6+ Qxf6 17. Ng5 g6 18. Nxh7 Qh8 19. Ng5 e4 20. Qxe4 Qxh2+ 21. Kf1 Rf8 22. g3 Bb4 23. Rd1 f6 24. Qxg6+ Kh8 25. Nf7+ Rxf7 26. Qxf7 Qh1+ 27. Ke2 d3+ 28. Ke3 Qxd1 29. Qe8+ Nf8 30. Qh5+ 0-1

[Event "Scarborough CC-ch Reserves"]
[Site "Toronto"]
[Date "2012.04.19"]
[Round "5"]
[White "Aghamalian, Derick"]
[Black "Zhao, Harry"]
[Result "0-1"]
[WhiteElo "1614"]
[BlackElo "1371"]
[PlyCount "82"]
[EventDate "2012.03.22"]
[EventType "swiss"]
[EventRounds "9"]
[EventCountry "CAN"]
[SourceTitle "EXT 2022"]
[Source "ChessBase"]
[SourceDate "2021.10.06"]
[SourceVersion "1"]
[SourceVersionDate "2021.10.06"]
[SourceQuality "1"]

1. e4 e6 2. d4 d5 3. Nd2 Be7 4. Ngf3 Nc6 5. c4 dxe4 6. Nxe4 Nf6 7. Nc3 0-0 8. Be2 b6 9. 0-0 h6 10. Bf4 Bd6 11. Qd2 Bb7 12. Rad1 Bxf4 13. Qxf4 a6 14. Ne5 Qe7 15. Bf3 Nxe5 16. Bxb7 Ng6 17. Qf3 Ra7 18. Bc6 Qb4 19. Qe2 Ne7 20. Bf3 c6 21. a3 Qd6 22. Rfe1 b5 23. Qe5 Qc7 24. Qxc7 Rxc7 25. b3 Nc8 26. Ne2 Nb6 27. Rc1 Rcc8 28. Ng3 Rfd8 29. Red1 Kf8 30. cxb5 cxb5 31. Bb7 Rxc1 32. Rxc1 Rxd4 33. Bxa6 b4 34. a4 Rd6 35. Bb5 Nbd5 36. Ne4 Nxe4 37. Rc8+ Ke7 38. Re8+ Kf6 39. a5 Nc7 40. Rb8 Nxb5 41. Rxb5 Rd1# 0-1